Valorant Agents (Mis à jour tous les Mois). - Statistiques

Statistiques générales
  • Ce quiz a été pris 13 423 fois
    6 752 depuis la dernière actualisation
  • Le résultat moyen est 22 sur 27
Statistiques - réponses
Types Agents % Correct
Duelist Jett
97%
Duelist Reyna
95%
Controller Omen
90%
Controller Brimstone
89%
Controller Clove
89%
Duelist Phoenix
88%
Duelist Raze
86%
Sentinel Sage
86%
Sentinel Cypher
85%
Duelist Yoru
84%
Sentinel Chamber
83%
Initiator Breach
81%
Duelist Iso
81%
Sentinel Killjoy
79%
Controller Viper
79%
Controller Harbor
76%
Duelist Neon
76%
Initiator Sova
76%
Controller Astra
75%
Initiator Fade
75%
Initiator Gekko
75%
Initiator Skye
74%
Duelist Waylay
74%
Sentinel Deadlock
69%
Initiator Kayo
69%
Sentinel Vyse
69%
Initiator Tejo
67%
Aucun quiz correspondant
Distribution des résultats
% des personnes avec chaque résultat
Percentile par nombre de réponses
Votre historique - résultats
Vous n’avez pas pris ce quiz depuis la dernière actualisation